LEADER 00876cam2-2200313---450- 001 990005018310403321 005 20160412132019.0 010 $a3-518-37038-3 035 $a000501831 035 $aFED01000501831 035 $a(Aleph)000501831FED01 035 $a000501831 100 $a19990604d1979----km-y0itay50------ba 101 0 $ager 102 $aDE 105 $a--------001by 200 1 $a<<7.: >>Dramen$fHermann Broch 210 $aFrankfurt am Main$cSuhrkamp$d1979 215 $a426 p.$d18 cm 225 1 $aSuhrkamp Taschenbuch$v538 461 0$1001001005989$12001$aKommentierte Werkausgabe$v07 676 $a832.912$v22$zita 700 1$aBroch,$bHermann$f<1886-1951>$0124542 801 0$aIT$bUNINA$gRICA$2UNIMARC 901 $aBK 912 $a990005018310403321 952 $a838.912 BROCH 1(1;7)$bIst.f.m.33637$fFLFBC 959 $aFLFBC 997 $aUNINA LEADER 04042 am 2200805 n 450 001 9910416487703321 005 20190910 010 $a2-36781-333-7 024 7 $a10.4000/books.pulm.2076 035 $a(CKB)4100000010013983 035 $a(FrMaCLE)OB-pulm-2076 035 $a(oapen)https://directory.doabooks.org/handle/20.500.12854/50811 035 $a(PPN)241685834 035 $a(EXLCZ)994100000010013983 100 $a20191220j|||||||| ||| 0 101 0 $afre 135 $auu||||||m|||| 181 $ctxt$2rdacontent 182 $cc$2rdamedia 183 $acr$2rdacarrier 200 10$aJean Potocki : le travail du temps $eAutour d?un bicentenaire /$fFrançois Rosset, Dominique Triaire 210 $aMontpellier $cPresses universitaires de la Méditerranée$d2019 215 $a1 online resource (302 p.) 311 $a2-36781-292-6 330 $aJean Potocki s?est suicidé le 23 décembre 1815 dans son domaine d?U?adówka en Ukraine. L?année 2015 a donné lieu à plusieurs manifestations commémoratives : à ?a?cut, qui fut le château de la famille Potocki jusqu?en 1944, à Paris, à la Bibliothèque polonaise, à Francfort-sur-l?Oder. Ce fut l?occasion de faire le point sur les découvertes les plus récentes concernant l?écrivain et son ?uvre, en particulier un magnifique cahier de dessins réalisés sur les routes espagnoles ; ce fut aussi l?occasion, de l?Espagne à la Russie, de voir apparaître de jeunes chercheurs. La plupart des vingt contributions réunies dans cet ouvrage ont été présentées lors des manifestations de l?année 2015 ; elles ont été réparties en quatre chapitres par les éditeurs : L?homme, L??uvre, Le Manuscrit trouvé à Saragosse, Documents inédits. Depuis 1958, année de l?apparition de Jean Potocki dans la littérature française, les travaux, les éditions se sont succédé. Le bicentenaire permit à la fois un bilan et une projection : si les progrès ont été considérables depuis la découverte de Roger Caillois, ces progrès laissent aussi deviner les lacunes encore nombreuses dans notre connaissance de l?homme et de son ?uvre. Assurément, les bibliothèques et les archives européennes recèlent encore des documents que les futurs chercheurs mettront au jour et qui enrichiront, peut-être redessineront l??uvre et l?approche critique : c?est précisément le travail du temps. 517 $aJean Potocki 517 $aJean Potocki  606 $aLiterature, Romance 606 $alittérature 606 $ahistoire 606 $aJean Potocki 606 $aPologne 606 $ainédits 610 $ahistoire 610 $aJean Potocki 610 $alittérature 610 $ainédits 610 $aPologne 615 4$aLiterature, Romance 615 4$alittérature 615 4$ahistoire 615 4$aJean Potocki 615 4$aPologne 615 4$ainédits 700 $aBarrena$b Inmaculada$01301877 701 $aDelon$b Michel$0377450 701 $aForycki$b Maciej$01301878 701 $aHaugen$b Marius Warholm$01301879 701 $aIgorevna$b Ekaterina$01301880 701 $aIvanovich$b Dmitriy$01301881 701 $aJanoszka$b Maria$01301882 701 $aKlene$b Emilie$01168819 701 $aMa?lanka$b ?ukasz$01301883 701 $aRanocchi$b Emiliano$01301884 701 $aRendon$b Juan Carlos Rodriguez$01301885 701 $aRequemora-Gros$b Sylvie$01240432 701 $aRosset$b François$01168822 701 $aSeauve$b Lena$01301886 701 $aSwoboda$b Tomasz$01301887 701 $aTriaire$b Dominique$01168823 701 $aWasilewska$b Anna$01301888 701 $aWitkowski$b Przemys?aw B$01168821 701 $aWo?k$b Marcin$01301889 701 $aRosset$b François$01168822 701 $aTriaire$b Dominique$01168823 801 0$bFR-FrMaCLE 906 $aBOOK 912 $a9910416487703321 996 $aJean Potocki : le travail du temps$93026033 997 $aUNINA LEADER 05051nam 2200757Ia 450 001 9910784878603321 005 20200520144314.0 010 $a1-281-22379-4 010 $a9786611223793 010 $a0-226-46858-5 024 7 $a10.7208/9780226468587 035 $a(CKB)1000000000403121 035 $a(EBL)408221 035 $a(OCoLC)476228031 035 $a(SSID)ssj0000130474 035 $a(PQKBManifestationID)11144398 035 $a(PQKBTitleCode)TC0000130474 035 $a(PQKBWorkID)10083834 035 $a(PQKB)11283345 035 $a(MiAaPQ)EBC408221 035 $a(DE-B1597)524992 035 $a(OCoLC)1055285136 035 $a(DE-B1597)9780226468587 035 $a(Au-PeEL)EBL408221 035 $a(CaPaEBR)ebr10216921 035 $a(CaONFJC)MIL122379 035 $a(EXLCZ)991000000000403121 100 $a19941024d1995 uy 0 101 0 $aeng 135 $aurcn||||||||| 181 $ctxt 182 $cc 183 $acr 200 00$aCoordination and information$b[electronic resource] $ehistorical perspectives on the organization of enterprise /$fedited by Naomi R. Lamoreaux and Daniel M.G. Raff 210 $aChicago $cUniversity of Chicago Press$d1995 215 $a1 online resource (348 p.) 225 1 $aA National Bureau of Economic Research Conference report 300 $aDescription based upon print version of record. 311 $a0-226-46821-6 311 $a0-226-46820-8 320 $aIncludes bibliographical references and indexes. 327 $tFront matter --$tNational Bureau of Economic Research --$tContents --$tIntroduction: History and Theory in Search of One Another --$t1. The Puzzling Profusion of Compensation Systems in the Interwar Automobile Industry --$t2. Industrial Engineering and the Industrial Enterprise, 1890-1940 --$t3. The Coordination of Business Organization and Technological Innovation within the Firm: A Case Study of the Thomson- Houston Electric Company in the 1880's --$t4. Organization and Coordination in Geographically Concentrated Industries --$t5. The Boundaries of the U.S. Firm in R&D --$t6. Legal Restraints on Economic Coordination: Antitrust in Great Britain and America, 1880-1920 --$t7. The Evolution of Interregional Mortgage Lending Channels, 1870-1940: The Life Insurance-Mortgage Company Connection --$t8. The Costs of Rejecting Universal Banking: American Finance in the German Mirror, 1870-1914 --$tContributors --$tName Index --$tSubject Index 330 $aCase studies that examine how firms coordinate economic activity in the face of asymmetric information-information not equally available to all parties-are the focus of this volume. In an ideal world, the market would be the optimal provider of coordination, but in the real world of incomplete information, some activities are better coordinated in other ways. Divided into three parts, this book addresses coordination within firms, at the borders of firms, and outside firms, providing a picture of the overall incidence and logic of economic coordination. The case studies-drawn from the late nineteenth and early twentieth century, when the modern business enterprise was evolving, address such issues as the relationship between coordination mechanisms and production techniques, the logic of coordination in industrial districts, and the consequences of regulation for coordination. Continuing the work on information and organization presented in the influential Inside the Business Enterprise, this book provides material for business historians and economists who want to study the development of the dissemination of information and the coordination of economic activity within and between firms. 410 0$aConference report (National Bureau of Economic Research) 606 $aBusiness intelligence$vCongresses 606 $aComparative organization$vCongresses 606 $aIndustrial organization (Economic theory)$vCongresses 606 $aIndustrial organization$xHistory$vCongresses 606 $aIndustrial organization$zUnited States$xHistory$vCongresses 610 $amanagement, organization, coordination, competition, firms, business, economics, nonfiction, asymmetric information, production, industry, compensation, interwar, automobile, industrial engineering, technology, innovation, antitrust, regulation, research and development, thomson-houston electric company, mortgage lending, life insurance, finance, germany, united kingdom, universal banking. 615 0$aBusiness intelligence 615 0$aComparative organization 615 0$aIndustrial organization (Economic theory) 615 0$aIndustrial organization$xHistory 615 0$aIndustrial organization$xHistory 676 $a338.7 676 $a658.4038 701 $aLamoreaux$b Naomi R$0145579 701 $aRaff$b Daniel M. G$0145580 801 0$bMiAaPQ 801 1$bMiAaPQ 801 2$bMiAaPQ 906 $aBOOK 912 $a9910784878603321 996 $aCoordination and information$93686960 997 $aUNINA